| 000 | 00924nas a2200277 4500 | ||
|---|---|---|---|
| 001 | BR2019000780 | ||
| 003 | BR-BrBNA | ||
| 005 | 20231205131639.0 | ||
| 007 | ta | ||
| 008 | 230509b bl.|||p| |||| 00| 00por d | ||
| 040 |
_aBR-BrBNA _bpor _cBiblioteca Nacional de Agricultura |
||
| 041 | _a(Pt) | ||
| 072 | _aE80; E16 | ||
| 100 | 1 | _aEurich, J. | |
| 100 | 1 | _aWeirich Neto, P.H.W | |
| 100 | 1 | _aRocha, C.H. | |
| 245 | 1 | _aPecuária leiteira em uma colônia de agricultores familiares no município de Palmeira, Paraná | |
| 650 | _aAGRICULTURA FAMILIAR | ||
| 650 | _aGADO LEITEIRO | ||
| 650 | _aDESENVOLVIMENTO RURAL | ||
| 650 | _aANÁLISE ECONÔMICA | ||
| 773 | 0 |
_tRevista Ceres (Brazil) _xISSN 2177-3491 _g(Jul-Aug 2016), v. 63(4) p. 454-460 _wBR2019000780 |
|
| 856 | 4 | 0 | _uhttp://www.scielo.br/pdf/rceres/v63n4/2177-3491-rceres-63-04-00454.pdf |
| 909 |
_a202311 _bLúcia _c55 _dLúcia Elande |
||
| 942 |
_2AGRIS _n0 _cANA |
||
| 999 |
_c255901 _d255901 |
||